000 00404cam a2200169ua 4500
003 OSt
005 20260221112627.0
008 260221b |||||||| |||| 00| 0 eng d
041 _aeng
082 _a694.1
_bTHO/TE
100 _aThomas, G.W .
_97879
245 _aText book of wood work /
250 _a1 /
260 _aLondon :
_bE.J Arnold and son Ltd ,
_c1987.
300 _a160 ; .
942 _cBK
999 _c1807
_d1807